000 nam a22 7a 4500
999 _c7563
_d7563
008 170921b xxu||||| |||| 00| 0 eng d
020 _a9788183414753
100 _aRohan Book Company
_94080
245 _aTell me why
260 _aNew Delhi
_bRohan Book Company